LEADER 00945nam0 2200289 450 001 000008779 005 20080716145206.0 010 $a0-7506-6320-0 100 $a20080102d2005----km-y0itay50------ba 101 0 $aeng 102 $aGB 105 $aa-------001yy 200 1 $a<>finite element method: its basis and fundamentals$fO. C. Zienkiewicz, R. L. Taylor, J. Z. Zhu 205 $aSixth ed. 210 $aLondon$cElsevier$dc2005 215 $aXIV, 733 p.$cill.$d25 cm 410 0$12001 610 1 $aMetodo degli elementi finiti$aApplicazioni all'ingegneria 676 $a620.001515353$v20 700 1$aZienkiewicz,$bOlgierd Cecil$021195 701 1$aZhu,$bJ. Z.$0582437 701 1$aTaylor,$bR. L.$0287288 801 0$aIT$bUNIPARTHENOPE$c20080102$gRICA$2UNIMARC 912 $a000008779 951 $aP1 620-F/1$b40116$cPIST$d2008 996 $aFinite element method: its basis and fundamentals$91204624 997 $aUNIPARTHENOPE